Polyfunkčný dom, Bratislava

Saved in:
Bibliographic Details
Main Author: Slovák, Juraj (Author)
Other Authors: Szalayová, Sylvia (Thesis advisor)
Format: Manuscript Book
Language:Slovak
Published: 2018
Subjects:
Online Access:http://is.stuba.sk/zp/portal_zp.pl?podrobnosti=138661
https://opac.crzp.sk/?fn=detailBiblioForm&sid=7748F8ABF7A423EAE57FD63BD0B0
Tags: Add Tag
No Tags, Be the first to tag this record!

MARC

LEADER 00000ntm a22000003a 4500
001 stuzp68881
003 SK-STU
005 20230704092936.0
007 ta
008 150427s2015----xo-----f-mn---000-0-slo-d
040 |a STU  |b slo 
041 0 |a slo 
100 1 |a Slovák, Juraj  |u 010270  |4 aut  |U SvF Stavebná fakulta  |T SvF Katedra technológie stavieb  |X 62824  |U V270  |Y 28  |7 62824 
242 0 1 |a Polyfunctional house, Bratislava V  |y eng 
245 1 0 |a Polyfunkčný dom, Bratislava 
260 |c 2018 
650 4 |a Kryštalická hydroizolácia  |2 slo 
650 4 |a Polyfunkčný dom  |2 slo 
650 4 |a Injektáž  |2 slo 
650 4 |a Polyfunctional house, Bratislava V  |2 eng 
650 4 |a hydro-insulation  |2 eng 
650 4 |a building-technological  |2 eng 
700 1 |a Szalayová, Sylvia  |u 010270  |k Z1  |4 ths  |U SvF Stavebná fakulta  |T SvF Katedra technológie stavieb  |X 961  |U V270  |Y 28  |7 A000000961 
856 4 |u http://is.stuba.sk/zp/portal_zp.pl?podrobnosti=138661 
856 4 |u https://opac.crzp.sk/?fn=detailBiblioForm&sid=7748F8ABF7A423EAE57FD63BD0B0